Southville International School and Colleges
Your cart is empty.
  • Cart
  • Lists
    Public lists Eva Luna New books Lux_list list_1
    Your lists Log in to create your own lists
  • Log in to your account
  • Your cookies
  • Search history
Southville International School and Colleges
  • Advanced search
  • Recent comments
  • Most popular
  • Libraries

Log in to your account

Log in with GOOGLE


If you do not have an external account, but do have a local account, you can still log in:

  1. Home
  2. MARC view: Spanking and other forms of child discipline as factors causing rebellion /
Normal view MARC view ISBD view

Spanking and other forms of child discipline as factors causing rebellion / (Record no. 96420)

[ view plain ]
MARC details
000 -LEADER
fixed length control field 00809nam a2200205 a 4500
003 - CONTROL NUMBER IDENTIFIER
control field 0
005 - DATE AND TIME OF LATEST TRANSACTION
control field 20250625114816.0
008 - FIXED-LENGTH DATA ELEMENTS--GENERAL INFORMATION
fixed length control field 021128s19uu xx 00 eng d
050 ## - LIBRARY OF CONGRESS CALL NUMBER
Classification number PHS HQ 770.4
Item number .J35 1998
100 ## - MAIN ENTRY--PERSONAL NAME
Personal name Jalocon, Eleonor Ruth S.
245 ## - TITLE STATEMENT
Title Spanking and other forms of child discipline as factors causing rebellion /
Statement of responsibility, etc Eleanor Ruth S. Jalocon.
260 ## - PUBLICATION, DISTRIBUTION, ETC. (IMPRINT)
Place of publication, distribution, etc Las Piñas City, Philippines :
Name of publisher, distributor, etc Southville International School and Colleges,
Date of publication, distribution, etc 1998.
300 ## - PHYSICAL DESCRIPTION
Extent 30 pages :
Other physical details illustrations ;
Dimensions 29 cm.
504 ## - BIBLIOGRAPHY, ETC. NOTE
Bibliography, etc Includes bibliographical references.
650 ## - SUBJECT ADDED ENTRY--TOPICAL TERM
Topical term or geographic name as entry element Discipline of children
General subdivision Psychological aspects.
650 ## - SUBJECT ADDED ENTRY--TOPICAL TERM
Topical term or geographic name as entry element Corporal punishment
General subdivision Psychological aspects.
650 ## - SUBJECT ADDED ENTRY--TOPICAL TERM
Topical term or geographic name as entry element Parenting
General subdivision Psychological aspects.
650 ## - SUBJECT ADDED ENTRY--TOPICAL TERM
Topical term or geographic name as entry element Child rearing
General subdivision Psychological aspects.
942 ## - ADDED ENTRY ELEMENTS (KOHA)
Source of classification or shelving scheme Library of Congress Classification
Koha item type PASS
Holdings
Withdrawn status Lost status Source of classification or shelving scheme Damaged status Home library Current library Shelving location Date acquired Source of acquisition Total Checkouts Full call number Barcode Date last seen Price effective from Koha item type
    Library of Congress Classification   Luxembourg Library Luxembourg Library Portfolio Assessment of SISC Students Section 11/28/2002 Donation   PHS HQ 770.4 .J35 1998 P0369 04/08/2014 04/08/2014 PASS

Spanking and other forms of child discipline as factors causing rebellion /

APA

Jalocon E. R. S., . (1998). Spanking and other forms of child discipline as factors causing rebellion. Las Piñas City, Philippines: Southville International School and Colleges.

Chicago

Jalocon Eleonor Ruth S, . 1998. Spanking and other forms of child discipline as factors causing rebellion. Las Piñas City, Philippines: Southville International School and Colleges.

Harvard

Jalocon E. R. S., . (1998). Spanking and other forms of child discipline as factors causing rebellion. Las Piñas City, Philippines: Southville International School and Colleges.

MLA

Jalocon Eleonor Ruth S, . Spanking and other forms of child discipline as factors causing rebellion. Las Piñas City, Philippines: Southville International School and Colleges. 1998.

  • Print
  • Cite
  • Add to your cart (remove)
  • Save record
    BIBTEX Dublin Core MARCXML MARC (non-Unicode/MARC-8) MARC (Unicode/UTF-8) MARC (Unicode/UTF-8, Standard) MODS (XML) RIS
  • More searches
    Search for this title in:
    Other Libraries (WorldCat) Other Databases (Google Scholar) Online Stores (Bookfinder.com) Open Library (openlibrary.org)

Exporting to Dublin Core...

SOUTHVILLE LIBRARY

Southville International School and Colleges Library

1281 Tropical Ave. Cor. Luxembourg St., BF Homes International, Las Pinas City

Tel. No. 8256374 / 252358 Loc. 117/146

Powered by Koha